000 00700nam a22001937a 4500
005 20161116164653.0
010 _aENG-116580
020 _c500.00
_a9789351434481
035 _aEN-100112
037 _bDBAD/PUB
082 _a347.54014
245 _aAppointing our Judges forging Independence and accountability :
_bessay on Judicial appintments and an analysis of the NJAC Judgment /
_cedited by Santosh Paul
260 _aGurgoan
_bLexisNexis
_c2016
270 _bGurgoan
_e122002
_a14th Floor, Building No. 10, Tower-B, DLF Cyber City, Phase-II
300 _axv,370p.
_c21cm(pbk)
500 _aIncludes index
700 _aPaul,Santosh
942 _2ddc
_cEN
_mPAU
_h347.54014
999 _c104655
_d104655